| 000 | 02419nam a2200445Ia 4500 | ||
|---|---|---|---|
| 001 | Para_9004 | ||
| 003 | CHAP | ||
| 005 | 20250204114443.0 | ||
| 007 | ta | ||
| 008 | 220125s2003 sp a gr 001 1 spa d | ||
| 010 | _a207782 | ||
| 020 | _a978-84-7720-685-9 | ||
| 040 |
_cCHAP _amxchpua |
||
| 050 | 1 | 0 |
_aPS3511.I73 _b.09518 2015 |
| 082 | 0 | 0 |
_aPA 646.7 _bF5 _220 |
| 100 | 1 |
_aFisher, Robert _9127771 _eautor |
|
| 240 | 1 | 4 |
_aThe owl who didn´t give a hoot. _lEspañol |
| 245 | 1 | 3 |
_aEl búho que no podía ulular / _cpor Robert Fisher y Beth Kelly ; traductora Verónica d'Ornellas |
| 250 | _a26a edición | ||
| 250 | _a47a edición | ||
| 264 |
_aBarcelona, España : _bObelisco, _c2015 |
||
| 300 |
_a99 páginas : _bilustraciones |
||
| 505 | 0 | _aEl buho que no podía ulular -- La cuclilla que no quería cantar cucú -- La más pequeña de las mariposas -- La perrita preocupada y el grillo consciente | |
| 520 | 2 | _aEl búho que no podía ulular es una recopilación de cuatro cuentos con los que Robert Fisher y Beth Kelly le recuerdan al niño que hay dentro de todos nosotros algunas ideas importantes que hemos perdido en nuestro viaje por la edad adulta. Sus protagonistas son un búho y un pato que no saben pronunciar lo que se supone que dicen los búhos y los patos, una cuclilla que buscaba hacer suyo el canto de otro pájaro, una pequeña mariposa que decide aprovechar al máximo el único día de su vida y una perrita lebrel atemorizada por todo. Escritos en clave de fábula, estos cuentos nos ayudan a identificar nuestros temores, nuestras inquietudes y nuestras dudas. Su lectura invita a la reflexión. Su mensaje es sencillo: si nos llenamos de amor, no dejamos espacio para el odio. Una enseñanza en apariencia sencilla, pero muchas veces también olvidada. | |
| 650 | 1 | 3 |
_aMotivación (psicología) _979090 |
| 650 | 1 | 3 |
_aSuperación personal _9143097 |
| 650 | 1 | 7 |
_aCuentos _930096 |
| 650 | 1 | 0 |
_aLiteratura norteamericana _y Siglo XX _9144999 |
| 650 | 1 | 3 |
_aAutoestima _9186710 |
| 650 | 1 | 3 |
_aSelf-esteem _9186711 |
| 650 | 1 | 3 |
_aStories _9152742 |
| 650 | 1 | 0 |
_aAmerican literature _y20th century _9153260 |
| 700 |
_aKelly, Beth _9174276 _eautora |
||
| 700 |
_ad'Ornellas Radziwill, Verónica _9160354 _etraductora |
||
| 901 | _aPA 646.7 F5 | ||
| 902 | _aA | ||
| 905 | _a0000002003 0000000000 00 | ||
| 910 | _a2003 | ||
| 942 |
_cLIBRO _2ddc |
||
| 999 |
_c207782 _d207782 |
||